|
|
|
|
| LEADER |
00000nam a2200000 a 4500 |
| 001 |
vtls011830570 |
| 003 |
SK-MaSNL |
| 005 |
20260301050348.0 |
| 008 |
240318 1630 gw 001 0 lat |
| 015 |
|
|
|a SNBHFA1630
|
| 020 |
|
|
|q (viaz.)
|
| 040 |
|
|
|a SNKHF
|b slo
|c SNK
|e AACR2
|
| 041 |
|
|
|a lat
|
| 044 |
|
|
|a gw
|c DE
|
| 072 |
|
7 |
|a 34
|x Právo
|2 konspekt
|
| 080 |
|
|
|a 340.15
|2 2011
|
| 080 |
|
|
|a (0.072)
|2 2011
|
| 080 |
|
|
|a 34
|2 2011
|
| 100 |
1 |
|
|a Van Wesenbeke, Mathieu,
|d 1531-1586
|4 aut
|9 126289
|
| 245 |
1 |
0 |
|a In Codicem D. Iustiniani Commentarius : Cum Rerum Et Verborum Indice copiosiß.
|c Matthaei Wesenbecii
|
| 260 |
|
|
|a Francofvrti ad Moenvm
|b [b.n.]
|c Anno M.DC.XXX. [=1630]
|
| 300 |
|
|
|a [2] listov, 296 stĺpcov, [6] listov
|c 8°
|
| 500 |
|
|
|a Signet, iniciálka s ornamentálnym pozadím vo voľnom priestore na 6 riadkov, vlys, kustódy
|
| 501 |
|
|
|a Príväzok 1. k: WESENBECK, Matthaeus. Codicis Ivstinianei Libros Commentarii. Francofvrti ad Moenvm: Apud Ioannem Gymnicvm, 1630.
|5 SNK ID 98892
|
| 508 |
|
|
|a Predslov
|
| 510 |
4 |
|
|a VD17 12:207207F
|
| 546 |
|
|
|a Latinčina
|b Kurzíva
|
| 650 |
0 |
7 |
|a rímske právo
|2 SNKPH
|9 983
|
| 650 |
0 |
7 |
|a zákony
|2 SNKPH
|9 1156
|
| 655 |
|
7 |
|a komentáre
|2 SNKPH
|9 70412
|
| 752 |
|
|
|a Nemecko
|d Frankfurt nad Mohanom
|
| 852 |
|
|
|a snk
|b Historické fondy
|p ID 98892/prív.1
|
| 999 |
|
|
|c 600749
|d 602679
|
| 952 |
|
|
|a SNK
|b SNK
|c SNK_HF
|y PREZ
|7 0
|p 17A1131765
|o snkID 98892/prív.1
|i snk2014/22881
|8 5
|0 0
|1 0
|4 0
|d 2018-12-18
|l 0
|r 2026-02-23 15:53:13
|w 2026-02-23
|